Aliancia prijala Chorvátov a Albáncov smutní odchádzali zo summitu Macedónci, sklamanie ...

Bibliographic Details
Main Author: Vasilko, Tomáš (Author)
Format: Article
Language:Slovak
PhysicalDescription:Fotogr.
ISSN:1335-440X
Subjects:

MARC

LEADER 00000nab a2200000 ar4500
001 vtls009305834
003 SK-MaSNL
005 20260304045355.0
008 080623c20080404xo dr|p|||||||000 b|slo
015 |a SNBRB2008/06  |2 snkbucl 
040 |a SNKBUCL  |b slo  |c SNKBUCL  |e AACR2 
041 0 |a slo 
044 |a xo  |c SK 
080 |a 327.51  |x (100)  |2 2001 
100 1 |a Vasilko, Tomáš  |4 aut  |9 1037019 
245 1 0 |a Aliancia prijala Chorvátov a Albáncov  |b smutní odchádzali zo summitu Macedónci, sklamanie ...  |c Tomáš Vasilko 
300 |b Fotogr. 
500 |a Od 15.1.2007 návrat k pôvodnému vročeniu 
610 2 7 |a NATO  |x rozširovanie  |2 snkbucl  |9 13272 
651 7 |a Chorvátsko  |2 snkbucl  |9 16553 
651 7 |a Albánsko  |2 snkbucl  |9 20374 
773 0 |t Sme  |g Roč. 16, č. 79 (4.4.2008), s. 10  |x 1335-440X 
852 |a SNK  |b KIS3GCP 
958 |a HR 
958 |a AL 
999 |c 2692073  |d 2694003